000 00687nam a2200193 a 4500
001 000027478
005 20240306073904.0
008 110401s1999 dr 000 0 spa d
040 _aDO-SdBNP
_bspa
_cBNPHU
082 _axxxx
_bA385e
100 1 _aAlfau Durán, Vetilio,
_d1909-1985
_910091
245 1 0 _aEn torno a la trinitaria /
_cVetilio Alfau Durán.
260 _aSanto Domingo :
_bCPEP,
_c1999.
300 _a108 p. ;
_c22 cm.
500 _aIncluye datos biográficos del autor en las solapas
504 _aIncluye referencias bibliográficas y notas al pie de las páginas
710 1 _aRepública Dominicana
_bComisión Permanente de Efemérides Patria
_945309
049 _aBNPD
999 _c26970
_d26970